| 000 | 01174nam a2200313 i 4500 | ||
|---|---|---|---|
| 001 | 12884 | ||
| 003 | ES-MaACL | ||
| 005 | 20250912063033.0 | ||
| 007 | t| | ||
| 008 | 961010s1996 sp ||||0| spa j | ||
| 020 | _a84-86864-21-6 | ||
| 040 |
_aM-BN _bspa _cM-BN |
||
| 080 | _a929 Durruti, Buenaventura | ||
| 100 | 1 |
_aPaz, Abel, _d1921-2009 _9242234 |
|
| 245 | 1 | 0 |
_aDurruti en la revolución española / _cAbel Paz ; introducción de José Luis Gutiérrez Molina. |
| 250 | _a2ª ed. en castellano. | ||
| 260 |
_aMadrid : _bFundación de Estudios Libertarios Anselmo Lorenzo, _c1996. |
||
| 300 |
_a773 p., [64] p. de lám ; _c25 cm. |
||
| 490 | 1 |
_aBiografías y memorias (Fundación Anselmo Lorenzo) ; _v3 _9228224 |
|
| 600 | 1 | 7 |
_aDurruti, Buenaventura, _d1896-1936 _2embne _9241539 |
| 650 | 4 |
_99790 _aAnarquismo- _zEspaña |
|
| 700 | 1 |
_aGutiérrez Molina, José Luis. _961186 |
|
| 710 | 2 |
_aFundación Anselmo Lorenzo. _94216 |
|
| 830 | 0 |
_aBiografías y memorias (Fundación Anselmo Lorenzo) ; _v3 _9228224 |
|
| 852 |
_aES-MaACL _jL-20237 |
||
| 942 |
_2udc _cMONOGRAFIA _n0 |
||
| 999 |
_c12884 _d12884 |
||